[Event "Challenge"]
[Site "http://www.queenalice.com/game.php?id=4897"]
[Date "2005.2.6"]
[Round "-"]
[White "NimbleKnight"]
[Black "percyblakeney"]
[Result "0-1"]
[WhiteElo "1418"]
[BlackElo "1711"]

1. e4 Nc6 2. d4 e6 3. Nf3 Bb4+ 4. c3 Be7 5. Bd3 Nf6 6. O-O O-O 7. Bf4 d5 8. Nbd2
b6 9. Qc2 h6 10. e5 Nd7 11. b4 a6 12. a3 Bb7 13. Be3 Na7 14. Nb3 c5 15. bxc5
bxc5 16. Nbd2 c4 17. Be2 Bc6 18. h3 Qa5 19. Rfc1 Ba4 20. Qa2 Rab8 21. Nf1 Rb7
22. Bd2 Rfb8 23. Rab1 Bb3 24. Qa1 Qxa3 25. Ne3 a5 26. Kh2 a4 27. Bf1 Nb5 28. Nc2
Qxa1 29. Rxa1 Bxc2 30. Rxc2 a3 31. Be2 Nb6 0-1

[Event "Challenge"]
[Site "http://www.queenalice.com/game.php?id=4903"]
[Date "2005.2.6"]
[Round "-"]
[White "renatominicucci"]
[Black "percyblakeney"]
[Result "0-1"]
[WhiteElo "1564"]
[BlackElo "1565"]

1. e4 e5 2. Bc4 Nf6 3. Nc3 Nc6 4. Nf3 h6 5. d4 exd4 6. Nxd4 Bb4 7. O-O Bxc3 8.
bxc3 d6 9. Nb5 a6 10. Na3 O-O 11. f4 Nxe4 12. Qf3 Nf6 13. Qg3 Bf5 14. Bd3 Qd7
15. Nc4 b5 16. Ne3 Bxd3 17. cxd3 d5 18. f5 Kh7 19. Ba3 Rfe8 20. Nd1 d4 21. cxd4
Qxd4+ 22. Nf2 Re3 23. Qxc7 Rxd3 24. Rad1 Ne5 25. Bc5 Qc4 26. Qxe5 Re8 27. Qc7
Rc3 28. Rc1 Rxc1 29. Rxc1 Qxc1+ 30. Nd1 Qxd1+ 31. Kf2 Re2+ 32. Kg3 Qd3+ 33. Kf4
Re4# 0-1

[Event "Challenge"]
[Site "http://www.queenalice.com/game.php?id=4949"]
[Date "2005.2.7"]
[Round "-"]
[White "chackalrodrigo"]
[Black "percyblakeney"]
[Result "0-1"]
[WhiteElo "1088"]
[BlackElo "1708"]

1. e4 g6 2. Nc3 Bg7 3. Nf3 d6 4. Bb5+ Bd7 5. Bc4 Nf6 6. d3 O-O 7. Bg5 h6 8. Bh4
c6 9. Qd2 Kh7 10. O-O-O b5 11. Bb3 a5 12. a4 b4 13. Na2 Qe8 14. Rhe1 e5 15. Re2
c5 16. g4 Bxg4 17. Bxf7 Qxf7 18. Kb1 Bxf3 19. Rde1 Bxe2 20. Rxe2 Nc6 21. b3 Nd4
22. Re3 d5 23. exd5 Nxd5 24. Qd1 Nxe3 25. fxe3 Nf3 26. Bg3 Qf6 27. Qf1 e4 0-1

[Event "Challenge"]
[Site "http://www.queenalice.com/game.php?id=6822"]
[Date "2005.3.13"]
[Round "-"]
[White "percyblakeney"]
[Black "altair"]
[Result "1-0"]
[WhiteElo "1717"]
[BlackElo "1632"]

1. Nf3 d6 2. c4 e5 3. d3 Bg4 4. Nbd2 Nc6 5. g3 Nf6 6. Bg2 g6 7. h3 Bf5 8. e4 Be6
9. a3 Bg7 10. b4 Nd4 11. Nxd4 exd4 12. f4 c6 13. Nf3 c5 14. Rb1 b6 15. Ng5 O-O
16. Nxe6 fxe6 17. O-O Nh5 18. g4 Nf6 19. e5 dxe5 20. fxe5 Nd5 21. Rxf8+ Qxf8 22.
cxd5 Bxe5 23. dxe6 Qe7 24. Bxa8 Qxe6 25. Qb3 1-0

[Event "Challenge"]
[Site "http://www.queenalice.com/game.php?id=6889"]
[Date "2005.3.15"]
[Round "-"]
[White "Mieke"]
[Black "percyblakeney"]
[Result "1-0"]
[WhiteElo "1500"]
[BlackElo "1730"]

1. e4 g6 2. Nf3 Bg7 3. Nc3 c5 4. d4 cxd4 5. Nxd4 Nc6 6. Nxc6 bxc6 7. Bc4 Qc7 8.
O-O a5 9. Qf3 e6 10. Bf4 d6 11. Rad1 e5 12. Bg5 Be6 13. Bxe6 fxe6 14. Qh3 Qd7
15. Na4 Rb8 16. Nc5 Qf7 17. Rxd6 Rb3 18. Rd8# 1-0

[Event "Challenge"]
[Site "http://www.queenalice.com/game.php?id=7351"]
[Date "2005.3.19"]
[Round "-"]
[White "percyblakeney"]
[Black "dnptrs"]
[Result "1/2-1/2"]
[WhiteElo "1730"]
[BlackElo "1840"]

1. Nf3 d5 2. c4 e6 3. e3 Be7 4. d4 Nf6 5. Nc3 O-O 6. Bd3 c6 7. O-O dxc4 8. Bxc4
Nd5 9. Nxd5 cxd5 10. Bd3 Bf6 11. Qc2 h6 12. Bd2 Bd7 13. Bc3 Nc6 14. Rfc1 Qe7 15.
b3 e5 16. dxe5 Nxe5 17. Nxe5 Bxe5 18. Bxe5 Qxe5 19. Qc7 Qxc7 20. Rxc7 Bc6 21. b4
Rfc8 22. Rxc8+ Rxc8 23. Rc1 Kf8 24. b5 Bd7 25. Rxc8+ Bxc8 26. Kf1 Ke7 27. Ke2
Kd6 28. Kd2 Kc5 29. Kc3 Bd7 30. a4 Bg4 31. f3 Be6 32. h4 g5 33. hxg5 hxg5 34. g4
Bc8 35. Bc2 b6 36. Bd3 Be6 37. Bc2 Bd7 38. Bd1 Be8 39. Bc2 f6 40. Bb3 Bg6 41.
Bd1 f5 42. gxf5 Bxf5 43. Be2 Bd7 44. Bd1 Bh3 45. Be2 Bg2 46. f4 gxf4 1/2-1/2

[Event "Challenge"]
[Site "http://www.queenalice.com/game.php?id=7429"]
[Date "2005.3.21"]
[Round "-"]
[White "altair"]
[Black "percyblakeney"]
[Result "1/2-1/2"]
[WhiteElo "1696"]
[BlackElo "1745"]

1. e4 d6 2. d4 Nf6 3. Nc3 g6 4. Nf3 Bg7 5. Be2 O-O 6. O-O Nc6 7. a3 Bd7 8. Bg5
h6 9. Bh4 e5 10. d5 Ne7 11. Qd2 Nh5 12. h3 Nf4 13. Kh2 g5 14. Bg3 Neg6 15. Bxf4
Nxf4 16. Ng1 Nxe2 17. Ncxe2 f5 18. Ng3 f4 19. Nh5 Bh8 20. g3 Be8 21. g4 Bxh5 22.
gxh5 Rf6 23. f3 Qe8 24. Ne2 Qxh5 25. Qe1 Kh7 26. Qf2 b6 27. b4 Rg8 28. Rg1 Qf7
29. Nc3 h5 30. Rg2 g4 31. fxg4 hxg4 32. hxg4 Rh6+ 33. Kg1 Bf6 34. Qf3 Bh4 35.
Ne2 Qd7 36. c4 Rhg6 37. Kh1 Rxg4 38. Rxg4 Qxg4 39. Qxg4 Rxg4 40. Rg1 Bg3 41. Kg2
Be1+ 42. Kf3 Rxg1 43. Nxg1 a6 44. b5 a5 45. a4 Kg6 46. Kg4 Kf7 47. Nf3 1/2-1/2

[Event "Let's Play Chess!"]
[Site "http://www.queenalice.com/game.php?id=7494"]
[Date "2005.3.22"]
[Round "-"]
[White "Marcelo"]
[Black "percyblakeney"]
[Result "1/2-1/2"]
[WhiteElo "1713"]
[BlackElo "1734"]

1. d4 Nf6 2. Bf4 e6 3. e3 c5 4. Nc3 cxd4 5. Qxd4 Nc6 6. Qd1 Bb4 7. Ne2 d5 8. a3
Ba5 9. b4 Bb6 10. Na4 Bc7 11. Nec3 O-O 12. Bd3 Bxf4 13. exf4 Qd6 14. Ne2 e5 15.
fxe5 Nxe5 16. O-O Bg4 17. h3 Bd7 18. Nc5 Bc8 19. Nd4 b6 20. Ncb3 Bb7 21. Nf5 Qc7
22. Nbd4 a6 23. Re1 Nc6 24. Nxc6 Bxc6 25. Ne7+ Kh8 26. Nxc6 Qxc6 27. a4 Qd6 28.
b5 a5 29. Qf3 Rae8 30. Re2 Rxe2 31. Qxe2 Re8 32. Qd2 Qc5 33. Qf4 Ne4 34. Re1 Qc3
35. Re3 Qf6 36. Qg3 g6 37. Bxe4 Rxe4 38. Rxe4 dxe4 39. c3 Kg7 40. Qc7 Qe6 41.
Kh2 e3 42. fxe3 Qxe3 43. c4 Kh6 44. c5 f5 45. cxb6 f4 46. b7 Qg3+ 47. Kh1 Qe1+
48. Kh2 Qg3+ 49. Kg1 Qe1+ 50. Kh2 1/2-1/2

[Event "Challenge"]
[Site "http://www.queenalice.com/game.php?id=7969"]
[Date "2005.3.27"]
[Round "-"]
[White "percyblakeney"]
[Black "Andre"]
[Result "1-0"]
[WhiteElo "1734"]
[BlackElo "1290"]

1. e4 e5 2. f4 f6 3. fxe5 fxe5 4. Qh5+ g6 5. Qxe5+ Qe7 6. Qxh8 Qg7 7. Qxg7 Bxg7
8. Nf3 d6 9. d4 Nf6 10. Nc3 c6 11. Bd3 c5 12. dxc5 dxc5 13. O-O a6 14. Bg5 Ng4
15. h3 Ne5 16. Nxe5 Bxe5 17. Bf6 Bxc3 18. Bxc3 b5 19. e5 c4 20. Be4 Ra7 21. Rad1
Nd7 22. Bc6 Rc7 23. Rd6 Bb7 24. Re6+ Kd8 25. Rf8+ Nxf8 26. Re8# 1-0

[Event "Challenge"]
[Site "http://www.queenalice.com/game.php?id=8204"]
[Date "2005.3.30"]
[Round "-"]
[White "Andre"]
[Black "percyblakeney"]
[Result "0-1"]
[WhiteElo "1245"]
[BlackElo "1738"]

1. e4 e5 2. Nc3 Nc6 3. Nf3 d6 4. h3 f5 5. exf5 Bxf5 6. g4 Bg6 7. d3 Nf6 8. Ng5
Qd7 9. Nce4 d5 10. Nc3 h6 11. Nf3 O-O-O 12. Nb5 Bc5 13. Be3 d4 14. Nh4 dxe3 15.
Nxg6 exf2+ 16. Kd2 Ne4+ 17. Ke2 Nd4+ 18. Nxd4 Qxd4 19. c3 Qe3# 0-1

[Event "Let's Play Chess!"]
[Site "http://www.queenalice.com/game.php?id=8404"]
[Date "2005.4.1"]
[Round "-"]
[White "Traian"]
[Black "percyblakeney"]
[Result "0-1"]
[WhiteElo "1471"]
[BlackElo "1740"]

1. e3 e5 2. Qf3 d5 3. d4 e4 4. Qe2 a6 5. f3 Nf6 6. fxe4 Bg4 7. Nf3 dxe4 8. h3
exf3 9. gxf3 Be6 10. e4 Qxd4 11. c3 Qe5 12. Qd3 Qg3+ 13. Ke2 b5 14. b3 Nc6 15.
Ba3 Bxa3 16. Nxa3 O-O 17. Nc2 Ne5 18. Qe3 Rfd8 19. Nd4 Rd6 20. Rd1 Rad8 21. Qf2
Qxf2+ 22. Kxf2 Bc8 23. f4 Nxe4+ 24. Ke3 Nxc3 25. Rd2 Nd5+ 26. Ke4 Nf6+ 27. Ke3
Ng6 28. Rd3 Nxf4 29. Kxf4 Rxd4+ 30. Rxd4 Rxd4+ 31. Ke3 Re4+ 32. Kd2 Bf5 33. Bd3
Rd4 34. Ke3 Rxd3+ 0-1